Football - Les 10 plus gros transferts (2004-2005) - Statistiques

Statistiques générales
  • Ce quiz a été pris 41 fois
  • Le résultat moyen est 5 sur 10
Statistiques - réponses
Rang Club Précédent Nouveau Club Montant Joueur % Correct
1 Olympique de Marseille Chelsea 38 500 000 € Didier Drogba
94%
8 Auxerre Liverpool 20 000 000 € Djibril Cissé
79%
2 Everton Manchester United 37 000 000 € Wayne Rooney
79%
7 Porto Barcelone 21 000 000 € Deco
64%
3 Porto Chelsea 30 000 000 € Ricardo Carvalho
55%
5 Majorque Barcelone 27 000 000 € Samuel Eto'o
55%
9 Porto Chelsea 20 000 000 € Paulo Ferreira
21%
10 Newcastle Real Madrid 18 300 000 € Jonathan Woodgate
15%
6 AS Roma Real Madrid 25 000 000 € Walter Samuel
15%
4 AS Roma Juventus 28 000 000 € Emerson
9%
Aucun quiz correspondant
Distribution des résultats
% des personnes avec chaque résultat
Percentile par nombre de réponses
Votre historique - résultats
Vous n’avez pas pris ce quiz